[Event "IECG CE.2005.0.00092 email"]
[Site "IECG email"]
[Date "2005.11.21"]
[Round "?"]
[White "Ornek, Ozer"]
[Black "Ferland, Thierry"]
[Result "1-0"]
[WhiteElo "1314"]
[BlackElo "1300"]
[PlyCount "49"]
[EventDate "2005.11.21"]
[EventType "tourn (corr)"]
[EventRounds "6"]
[SourceTitle "Corr 2008"]
[Source "ChessBase"]
[SourceDate "2008.06.24"]
[SourceVersion "1"]
[SourceVersionDate "2008.06.24"]
[SourceQuality "1"]

1. d4 d5 2. c4 dxc4 3. e3 e5 4. Bxc4 Be6 5. Bxe6 fxe6 6. Qh5+ g6 7. Qxe5 Nf6 8. Qxe6+ Be7 9. Nf3 Qd7 10. Qxd7+ Nbxd7 11. 0-0 Ne4 12. Nbd2 Ndf6 13. Ne5 Bd6 14. f3 Ng5 15. Ndc4 Be7 16. Na5 0-0-0 17. h4 Nxf3+ 18. Rxf3 Rhf8 19. Bd2 Ne4 20. Be1 Bf6 21. Rf4 Nd6 22. Bb4 g5 23. Rf2 gxh4 24. Rc1 Bxe5 25. Rxf8 1-0